Guess the country by their official website- part 1 - Statistics

General Stats
  • This quiz has been taken 34 times
  • The average score is 10 of 15
Answer Stats
Web address Country % Correct
www.korea-dpr.com North Korea
97%
www.cubagob.cu Cuba
88%
www.gouvernement.fr France
88%
sweden.se Sweden
88%
www.vaticanstate.va Vatican City
88%
palaugov.pw Palau
84%
www.saotome.st Sao Tome and Principe
84%
kremlin.ru Russia
81%
http://www.presidencia.gub.uy Uruguay
75%
https://www.gov.uz Uzbekistan
72%
www.government.is Iceland
69%
https://www.gov.sg Singapore
31%
www.gov.gd Grenada
25%
www.gov.mt Malta
22%
www.gov.lk Sri Lanka
19%
No matching quizzes found
Score Distribution
Percent of People with Each Score
Percentile by Number Answered
Your Score History
You have not taken this quiz